000 00720nam a2200205 a 4500
001 000024376
005 20200930022946.0
008 110126s1972 sp r 000 0 spa d
040 _aDO-SdBNP
_bspa
_cBNPHU
082 _axxxxx
_bS677c
100 1 _aSoboul, Albert
_948458
245 1 0 _aCompendio de la historia de la revolución francesa /
_cAlbert Soboul ; traducción E. Tierno Galván.
250 _a1a reimp.
260 _aMadrid :
_bTécnos,
_c1972.
300 _a466 p. ;
_c23 cm.
504 _aIncluye referencias bibliográficas y notas al pie de las páginas.
534 _pTítulo original.
_tPrécis d´histoire de la révolution française.
700 1 _aTierno Galván, E.,
_etr.
_949986
049 _aBNGR
999 _c23869
_d23869